| 000 | 01316cam a2200229 4500 | ||
|---|---|---|---|
| 001 | ABS63050 | ||
| 008 | 000000n2000 000 0 eng u | ||
| 035 | _a(Sirsi) u109138 | ||
| 245 | _aTaj v Ali | ||
| 260 | _c2000 | ||
| 490 |
_aEstates Gazette _v[2000] 43 EG 13 April 2000, 183-185(3) |
||
| 520 | _aCA 13 April 2000. A CC judge made an order for possession of a property belonging to A on the grounds of arrears of rent owed by the tenant (B). By consent, B agreed to pay A £14,503 rent arrears plus interest, less an agreed deduction for breach of A's repairing obligations. However, the judge suspended the possession order on terms that the tenant should pay the current rent of £49 per week, and £5 towards discharge of the debt. This meant the debt would not be paid off for 55 years. A appealed. Held, appeal allowed. An order for possession was made within 28 days. Suspended possession orders should not be made in cases where this would involve the payment of arrears over an almost indefinite period. | ||
| 590 | _aABS | ||
| 650 | _aPOSSESSION PROCEEDINGS | ||
| 650 | _aRENT ACT 1977 | ||
| 650 | _aRENT ARREARS | ||
| 650 | _aSUSPENDED POSSESSION ORDERS | ||
| 650 | _aREPAIRS | ||
| 650 | _aTAJ V ALI | ||
| 690 | _aLANDLORD AND TENANT-RESIDENTIAL TENANCIES-CASE LAW | ||
| 942 | _n0 | ||
| 999 |
_c65162 _d65162 |
||